Conduct of monetary policy : (pursuant to the Full Employment and Balanced Growth Act of 1978, P.L. 95-523) : hearing before the Committee on Banking, Finance, and Urban Affairs, House of Representatives, Ninety-ninth Congress, second session, February 19, 1986.

Bibliographic Details
Corporate Authors: United States. Congress. House. Committee on Banking, Finance, and Urban Affairs, ProQuest (Firm)
Format: Government Document eBook
Language:English
Published: Washington : U.S. G.P.O., 1986.
Series:U.S. Congressional Hearings.
Subjects:
Online Access:Connect to the full text of this electronic book

MARC

Tag First Indicator Second Indicator Subfields
LEADER 00000cam a22000001a 4500
001 in00003216613
006 m d f
007 cr bn mmmapmmp
008 091020s1986 dcua o f000 0 eng d
005 20260604202423.8
035 |a cis2007450226 
040 |a UMI  |c UMI  |d UtOrBLW 
043 |a n-us--- 
074 |a 1013-A, 1013-B (microfiche) 
086 0 |a Y 4.B 22/1:99-66 
088 |a Serial no. 99-66 (United States. Congress. House. Committee on Banking, Finance, and Urban Affairs) 
099 |a HRG-1986-BFU-0009 
110 1 |a United States.  |b Congress.  |b House.  |b Committee on Banking, Finance, and Urban Affairs. 
245 1 0 |a Conduct of monetary policy :  |b (pursuant to the Full Employment and Balanced Growth Act of 1978, P.L. 95-523) : hearing before the Committee on Banking, Finance, and Urban Affairs, House of Representatives, Ninety-ninth Congress, second session, February 19, 1986. 
264 1 |a Washington :  |b U.S. G.P.O.,  |c 1986. 
300 |a 1 online resource. 
336 |a text  |b txt  |2 rdacontent 
337 |a computer  |b c  |2 rdamedia 
338 |a online resource  |b cr  |2 rdacarrier 
500 |a Record is based on bibliographic data in ProQuest Congressional Hearings Digital Collection. Reuse except for individual research requires license from ProQuest, LLC. 
538 |a System requirements: PDF reader software. 
500 |a Electronic resource. 
650 0 |a Monetary policy  |z United States. 
650 0 |a Inflation (Finance)  |z United States. 
651 0 |a United States  |x Economic conditions  |y 1981-2001. 
655 7 |a Electronic books.  |2 local 
710 2 |a ProQuest (Firm) 
776 0 8 |i Print version:  |a United States. Congress. House. Committee on Banking, Finance, and Urban Affairs  |t Conduct of monetary policy  |w (OCoLC)13697287  |w gp 86015029 
776 0 8 |i Microfiche version:  |a United States. Congress. House. Committee on Banking, Finance, and Urban Affairs  |t Conduct of monetary policy.  |d [Bethesda, Md.] : ProQuest,[2004]  |o CIS 86 H241-43  |w (ProQuest)cis08600379 
830 0 |a U.S. Congressional Hearings. 
856 4 0 |u http://proxy.library.tamu.edu/login?url=https://congressional.proquest.com/congcomp/getdoc?HEARING-ID=HRG-1986-BFU-0009  |z Connect to the full text of this electronic book  |t 0 
998 |a cis08600379 
999 |a MARS 
999 f f |s 2af2b25c-6bb5-3940-ab18-ddb7213db762  |i b005cd81-e639-3a58-944c-1181ca8a0020  |t 0 
952 f f |a Texas A&M University  |b College Station  |c Electronic Resources  |s www_evans  |d Available Online  |t 0  |e HRG-1986-BFU-0009  |h Other scheme 
998 f f |a HRG-1986-BFU-0009  |t 0  |l Available Online